LEADER 02101nam 2200565 450 001 9910136450803321 005 20170425091834.0 035 $a(CKB)3710000000884442 035 $a(MiAaPQ)EBC4709179 035 $a(DLC) 2016045408 035 $a(EXLCZ)993710000000884442 100 $a20161018h20162016 uy 0 101 0 $aeng 135 $aurcnu|||||||| 181 $2rdacontent 182 $2rdamedia 183 $2rdacarrier 200 00$aManaging plurilingual and intercultural practices in the workplace $ethe case of multilingual Switzerland /$fedited by Georges Lu?di, Katharina Ho?chle Meier, Patchareerat Yanaprasart 210 1$aAmsterdam, [Netherlands] ;$aPhiladelphia, [Pennsylvania] :$cJohn Benjamins Publishing Company,$d2016. 210 4$d©2016 215 $a1 online resource (384 pages) $cillustrations 225 1 $aMultilingualism and Diversity Management,$x2210-7010 ;$vVolume 4 311 $a90-272-0058-0 311 $a90-272-6640-9 320 $aIncludes bibliographical references and indexes. 410 0$aMultilingualism and diversity management ;$vVolume 4. 606 $aMultilingualism$zSwitzerland 606 $aLanguage in the workplace$zSwitzerland 606 $aDiversity in the workplace$xManagement$zSwitzerland 606 $aMultilingual communication$zSwitzerland 606 $aLingua francas$zEuropean Union countries 606 $aLanguages in contact$zEuropean Union countries 608 $aElectronic books. 615 0$aMultilingualism 615 0$aLanguage in the workplace 615 0$aDiversity in the workplace$xManagement 615 0$aMultilingual communication 615 0$aLingua francas 615 0$aLanguages in contact 676 $a306.44/609494 702 $aLu?di$b Georges 702 $aHo?chle Meier$b Katharina 702 $aYanaprasart$b Patchareerat 801 0$bMiAaPQ 801 1$bMiAaPQ 801 2$bMiAaPQ 906 $aBOOK 912 $a9910136450803321 996 $aManaging plurilingual and intercultural practices in the workplace$92295272 997 $aUNINA LEADER 01502nam 2200445 450 001 996215109703316 005 20230422042112.0 035 $a(CKB)111026746725070 035 $a(SSID)ssj0000395829 035 $a(PQKBManifestationID)12189665 035 $a(PQKBTitleCode)TC0000395829 035 $a(PQKBWorkID)10456810 035 $a(PQKB)11689889 035 $a(WaSeSS)IndRDA00119472 035 $a(EXLCZ)99111026746725070 100 $a20200305d1999 uy 0 101 0 $aeng 135 $aur||||||||||| 181 $ctxt 182 $cc 183 $acr 200 10$aOPENARCH '99 $e1999 IEEE second Conference on Open Architectures and Network Programming proceedings : New York, NY, USA, 26-27 March 1999 /$fIEEE, IEEE Communications Society 210 1$aPiscataway, New Jersey :$cInstitute of Electrical and Electronics Engineers,$d1999. 215 $a1 online resource (127 pages) 300 $aIncludes index. 311 $a0-7803-5261-0 606 $aOSI (Computer network standard)$vCongresses 606 $aComputer networks$xStandards$vCongresses 615 0$aOSI (Computer network standard) 615 0$aComputer networks$xStandards 676 $a004.62 712 02$aInstitute of Electrical and Electronics Engineers, 712 02$aIEEE Communications Society, 712 12$aOPENARCH (Conference) 801 0$bWaSeSS 801 1$bWaSeSS 906 $aPROCEEDING 912 $a996215109703316 996 $aOPENARCH '99$92541978 997 $aUNISA LEADER 01314nam a2200301 i 4500 001 991000026619707536 005 20020503112621.0 008 001025s1982 it ||| | fre 020 $a2728300372 (pt.2) 035 $ab1001245x-39ule_inst 035 $aocm00008575$9ExL 040 $aDip.to Beni Culturali$bita 245 10$aByrsa /$csous la direction de Serge Lancel 260 $aRoma :$bEcole francaise de Rome,$c1979- 300 $av. ,$c24cm 490 0 $aCollection de l'Ecole Francaise de Rome ;$v41 505 0 $gpt. 1,$tByrsa I : rapports preliminaires sur les fouilles 1974-1976 505 0 $gpt. 2,$tByrsa II : rapports preliminaires sur les fouilles 1977-1978 : niveaux et vestiges puniques 650 4$aByrsa$xCampagne di scavo$y1974-1976 650 4$aByrsa$xCampagne di scavo$y1977-1978 700 $aLancel, Serge$eauthor$4http://id.loc.gov/vocabulary/relators/aut 907 $a.b1001245x$b17-02-17$c31-05-02 912 $a991000026619707536 945 $aLE001 AR VII 27a 4?$g1$i2001000010349$lle001$o-$pE0.00$q-$rl$s- $t0$u0$v0$w0$x0$y.i10015528$z31-05-02 945 $aLE001 AR VII 27 4º$g1$i2001000120536$lle001$op$pE0.00$q-$rl$s- $t0$u0$v0$w0$x0$y.i14112152$z22-07-05 996 $aByrsa$9175476 997 $aUNISALENTO 998 $ale001$b01-01-00$cm$da $e-$ffre$git $h0$i1